Explaining /

This book is about: Strategies of explanation; Analysing explanations; Knowing the subject matter; Effective explaining; ...

में बचाया:
ग्रंथसूची विवरण
मुख्य लेखक: Wragg, E. C. 1938-
अन्य लेखक: Brown, George.
स्वरूप: पुस्तक
भाषा:English
प्रकाशित: London ; New York : Routledge, 1993.
विषय:
टैग : टैग जोड़ें
कोई टैग नहीं, इस रिकॉर्ड को टैग करने वाले पहले व्यक्ति बनें!
Thư viện lưu trữ: Mạng thư viện Đại học Đà Nẵng
LEADER 01049cam a2200373 i 4500
001 000048545
003 8267
005 20030411094518.0
008 010319|1993 vm 000 eng
020 |a 0415083877 
040 |a IRC  |c IRC  |d IRC 
041 0 |a eng 
082 1 4 |a 371.102  |b WR-E 
100 1 |a Wragg, E. C.  |q (Edward Conrad),  |d 1938- 
245 0 0 |a Explaining /  |c E. C. Wragg and George Brown. 
260 |a London ; New York :  |b Routledge,  |c 1993. 
300 |a vi, 51, [1] p. :  |b ill. ;  |c 27.5cm. 
520 3 |a This book is about: Strategies of explanation; Analysing explanations; Knowing the subject matter; Effective explaining; ... 
630 0 4 |a Education. 
630 0 4 |a Teaching. 
630 0 4 |a Explanation. 
650 0 4 |a Teaching. 
650 0 4 |a Explanation. 
700 1 |a Brown, George. 
OWN |a DUT 
999 |a From the UDN01 
TYP |a Monograph 
TYP |a Printed language 
980 |a Mạng thư viện Đại học Đà Nẵng